| 000 | 00796nam a2200217Ia 4500 | ||
|---|---|---|---|
| 001 | 10143 | ||
| 003 | GE_BSU | ||
| 008 | 181216s||||||||xx |||||||||||||| ||und|| | ||
| 040 | _cGE_BSU | ||
| 100 | _aსამსონია,ალექსანდრე | ||
| 245 | _aწვიმაში დაწერილი მოთხრობები | ||
| 245 | _bმოთხრობები | ||
| 245 | _cრედ:თ.ცინცაძე;მხატვ:რ.მაჭარაშვილი | ||
| 250 | _aმე-2გამოც. | ||
| 260 | _aთბილისი | ||
| 260 | _bსაბჭ.საქართველო | ||
| 260 | _c1981 | ||
| 300 | _a343გვ;21სმ. | ||
| 653 | _aწვიმაში დაწერილი მოთხრობები | ||
| 942 | _cBK | ||
| 999 |
_c43414 _d43414 |
||